000 00935nac a22003017a 4500
001 BR0705597
003 BR-BrBNA
005 20240105123508.0
008 230509b bl.|||m| |||| 00| 0 por d
040 _aBR-BrBNA
_bpor
_cBiblioteca Nacional de Agricultura
072 _aF02
090 _a0940 BR0705597
100 1 _aKuhn, G.B.
100 1 _aFajardo, T.V.M.
110 1 _aEMBRAPA Uva e Vinho, Bento Gonçalves, RS (Brasil)
245 1 _aImportância da origem do material de propagação na qualidade da muda de videira
260 3 _aBento Gonçalves, RS (Brasil):
_c2004.
300 _a8 p.
490 _aCircular Técnica - EMBRAPA Uva e Vinho (Brazil)
_vno. 50
_xISSN 1516-5914
500 _a16 illus.
650 _aUVA
650 _aVITICULTURA
650 _aMUDA
650 _aMATERIAL DE PROPAGAÇÃO
650 _aPORTA ENXERTO
909 _a202312
_bLúcia Elande
_c55
_dLúcia Elande
942 _2AGRIS
_n0
_cMS
999 _c295724
_d295724